[Event "Ile et Vilaine-chA 0001"]
[Site "Ile et Vilaine"]
[Date "2000.11.11"]
[Round "2"]
[White "Roncin, Loic"]
[Black "Martin, Yvon"]
[Result "1-0"]
[WhiteElo "1880"]
[BlackElo "1630"]
[PlyCount "107"]
[EventDate "2000.10.21"]
[EventType "swiss"]
[EventRounds "7"]
[EventCountry "FRA"]
[SourceTitle "EXT 2007"]
[Source "ChessBase"]
[SourceDate "2006.11.23"]
[SourceVersion "1"]
[SourceVersionDate "2006.11.23"]
[SourceQuality "1"]

1. e4 g6 2. d4 Bg7 3. c4 d6 4. g3 Nf6 5. Nc3 0-0 6. Bg2 Na6 7. Nge2 Rb8 8. 0-0 c5 9. dxc5 Nxc5 10. Qc2 a6 11. h3 Qc7 12. Be3 b6 13. Rac1 Bb7 14. Nd5 Nxd5 15. cxd5 Qd8 16. b4 Nd7 17. Qc7 Bb2 18. Rc2 Ba3 19. Rb1 Rc8 20. Qxd8 Rfxd8 21. Nd4 a5 22. bxa5 Rxc2 23. Nxc2 Bc5 24. axb6 Ra8 25. Rb2 Ra6 26. Bf1 Rxb6 27. Rxb6 Nxb6 28. Bb5 e6 29. Bc6 Ba6 30. Bxc5 dxc5 31. f3 exd5 32. Bxd5 Nxd5 33. exd5 f5 34. a4 Kf7 35. Ne3 Ke7 36. Kf2 Kd6 37. Ke1 h5 38. f4 Bb7 39. Kd2 Bxd5 40. Nxd5 Kxd5 41. Kc3 Kc6 42. Kc4 Kb6 43. h4 Ka5 44. Kxc5 Kxa4 45. Kd5 Kb4 46. Ke5 Kc4 47. Kf6 Kd5 48. Kxg6 Ke6 49. Kxh5 Kf6 50. Kh6 Kf7 51. Kg5 Ke6 52. Kg6 Ke7 53. Kg7 Ke6 54. h5 1-0

[Event "FRA-chT4 0001"]
[Site "Bretagne"]
[Date "2000.10.15"]
[Round "1"]
[White "Villeseche, Yoann"]
[Black "Roncin, Loic"]
[Result "0-1"]
[WhiteElo "1760"]
[BlackElo "1880"]
[PlyCount "76"]
[EventDate "2000.10.??"]
[EventType "team"]
[EventRounds "7"]
[EventCountry "FRA"]
[SourceTitle "EXT 2005"]
[Source "ChessBase"]
[SourceDate "2004.11.15"]
[SourceVersion "1"]
[SourceVersionDate "2004.11.15"]
[SourceQuality "1"]

1. e4 e6 2. d4 d5 3. Nc3 Nf6 4. Bg5 Be7 5. e5 Nfd7 6. Bxe7 Qxe7 7. f4 0-0 8. Nf3 c5 9. Bd3 f5 10. Qd2 cxd4 11. Ne2 Nc6 12. h3 Nc5 13. 0-0-0 Nxd3+ 14. Qxd3 Bd7 15. a3 b5 16. g4 b4 17. gxf5 exf5 18. Nexd4 bxa3 19. Qxa3 Qxa3 20. bxa3 Nd8 21. Ne2 Bb5 22. Nc3 Bc4 23. Nd2 Ne6 24. Nxc4 dxc4 25. Ne2 Rfd8 26. Rxd8+ Rxd8 27. Rd1 Rxd1+ 28. Kxd1 g5 29. fxg5 Nxg5 30. Nf4 Kf7 31. Ke2 Ne6 32. Ke3 Nxf4 33. Kxf4 Ke6 34. h4 h6 35. c3 a6 36. a4 h5 37. Kg5 Kxe5 38. Kh6 Kf6 0-1